000 00170nam a2200073Ia 4500
008 170620s9999 xx 000 0 und d
100 _aRAJSEKHAR T
245 0 _aNEWS COVERAGE
260 _bNEW DELHI SONALI
999 _c30211
_d30211